[Event "45th FIDE Chess Olympiad Open"]
[Site "Budapest, Hungary"]
[Date "2024.09.22"]
[Round "11"]
[White "Ahn, Hongjin"]
[Black "Hossain, Enamul"]
[Result "0-1"]
[Board "158"]
[WhiteFideId "13201492"]
[BlackFideId "10200649"]
[WhiteTitle "IM"]
[BlackTitle "GM"]
[WhiteElo "2251"]
[BlackElo "2354"]
[WhiteTeam "South Korea"]
[BlackTeam "Bangladesh"]
[WhiteClock "0:01:04"]
[BlackClock "0:07:44"]
[Variant "Standard"]

1. e4 {[%clk 1:30:57]}  c5 {[%clk 1:30:43]} 2. Nc3 {[%clk 1:31:12]}  a6 {[%clk 1:30:58]} 3. g3 {[%clk 1:31:11]}  b5 {[%clk 1:28:14]} 4. Bg2 {[%clk 1:31:35]}  Bb7 {[%clk 1:28:36]} 5. Nge2 {[%clk 1:32:00]}  Nc6 {[%clk 1:19:20]} 6. O-O {[%clk 1:31:28]}  Nd4 {[%clk 1:17:28]} 7. Nxd4 {[%clk 1:25:41]}  cxd4 {[%clk 1:17:50]} 8. Ne2 {[%clk 1:26:02]}  e5 {[%clk 1:17:57]} 9. f4 {[%clk 1:24:37]}  d6 {[%clk 1:17:48]} 10. d3 {[%clk 1:24:03]}  Nf6 {[%clk 1:15:46]} 11. h3 {[%clk 1:20:51]}  h5 {[%clk 1:12:31]} 12. Kh1 {[%clk 1:19:31]}  Be7 {[%clk 1:10:14]} 13. Ng1 {[%clk 1:17:49]}  Qc7 {[%clk 1:02:00]} 14. Nf3 {[%clk 1:16:32]}  h4 {[%clk 0:54:18]} 15. fxe5 {[%clk 0:59:43]}  Nh5 {[%clk 0:45:08]} 16. Bf4 {[%clk 0:51:57]}  dxe5 {[%clk 0:40:11]} 17. Bxe5 {[%clk 0:47:43]}  Bd6 {[%clk 0:39:04]} 18. g4 {[%clk 0:47:17]}  Bxe5 {[%clk 0:37:21]} 19. gxh5 {[%clk 0:47:35]}  Rxh5 {[%clk 0:37:02]} 20. Nxd4 {[%clk 0:45:47]}  g6 {[%clk 0:37:18]} 21. c3 {[%clk 0:45:01]}  Rd8 {[%clk 0:34:49]} 22. Nc2 {[%clk 0:23:58]}  Rg5 {[%clk 0:33:39]} 23. Qe2 {[%clk 0:22:22]}  Qe7 {[%clk 0:28:48]} 24. Ne1 {[%clk 0:20:31]}  Bb8 {[%clk 0:26:55]} 25. Nf3 {[%clk 0:17:00]}  Rg3 {[%clk 0:25:46]} 26. Rf2 {[%clk 0:13:06]}  Bc8 {[%clk 0:19:57]} 27. e5 {[%clk 0:10:04]}  Bxh3 {[%clk 0:13:35]} 28. Bxh3 {[%clk 0:10:22]}  Rxh3+ {[%clk 0:14:03]} 29. Rh2 {[%clk 0:10:28]}  Qe6 {[%clk 0:08:51]} 30. d4 {[%clk 0:10:17]}  Qg4 {[%clk 0:06:17]} 31. Rxh3 {[%clk 0:08:25]}  Qxh3+ {[%clk 0:06:45]} 32. Nh2 {[%clk 0:08:43]}  Bc7 {[%clk 0:03:10]} 33. Rf1 {[%clk 0:08:30]}  Qe6 {[%clk 0:02:42]} 34. a3 {[%clk 0:07:02]}  f5 {[%clk 0:02:42]} 35. Nf3 {[%clk 0:06:33]}  Qc6 {[%clk 0:02:07]} 36. Qg2 {[%clk 0:06:22]}  Kd7 {[%clk 0:02:21]} 37. Re1 {[%clk 0:03:15]}  Rh8 {[%clk 0:01:42]} 38. e6+ {[%clk 0:02:14]}  Kc8 {[%clk 0:01:59]} 39. Ng5 {[%clk 0:01:51]}  Qxg2+ {[%clk 0:01:18]} 40. Kxg2 {[%clk 0:02:20]}  Re8 {[%clk 0:01:09]} 41. Kf3 {[%clk 0:27:09]}  Kd8 {[%clk 0:29:49]} 42. d5 {[%clk 0:22:35]}  Ke7 {[%clk 0:28:46]} 43. b3 {[%clk 0:14:06]}  Bg3 {[%clk 0:22:48]} 44. Re3 {[%clk 0:11:02]}  Kf6 {[%clk 0:20:46]} 45. Nh7+ {[%clk 0:10:18]}  Kg7 {[%clk 0:21:04]} 46. c4 {[%clk 0:09:09]}  Bd6 {[%clk 0:15:43]} 47. Ng5 {[%clk 0:08:40]}  Bc5 {[%clk 0:14:12]} 48. cxb5 {[%clk 0:05:35]}  axb5 {[%clk 0:13:08]} 49. Rc3 {[%clk 0:05:16]}  Bxa3 {[%clk 0:13:08]} 50. Rc7+ {[%clk 0:01:32]}  Kf6 {[%clk 0:10:32]} 51. Nh7+ {[%clk 0:00:45]}  Ke5 {[%clk 0:10:20]} 52. Rb7 {[%clk 0:00:59]}  Re7 {[%clk 0:08:05]} 53. d6 {[%clk 0:00:32]}  Rxb7 {[%clk 0:07:41]} 54. d7 {[%clk 0:00:50]}  Rb8 {[%clk 0:07:32]} 55. Ng5 {[%clk 0:01:04]}  Be7 {[%clk 0:07:44]} 0-1

[Event "45th FIDE Chess Olympiad Open"]
[Site "Budapest, Hungary"]
[Date "2024.09.22"]
[Round "11"]
[White "Murshed, Niaz"]
[Black "Yun, Hungi"]
[Result "1/2-1/2"]
[Board "159"]
[WhiteFideId "10200010"]
[BlackFideId "13210670"]
[WhiteTitle "GM"]
[WhiteElo "2318"]
[BlackElo "2124"]
[WhiteTeam "Bangladesh"]
[BlackTeam "South Korea"]
[WhiteClock "0:03:00"]
[BlackClock "0:01:20"]
[Variant "Standard"]

1. d4 {[%clk 1:30:51]}  Nf6 {[%clk 1:30:32]} 2. c4 {[%clk 1:31:17]}  e6 {[%clk 1:30:49]} 3. Nf3 {[%clk 1:31:18]}  d5 {[%clk 1:31:04]} 4. Nc3 {[%clk 1:31:38]}  Bb4 {[%clk 1:31:08]} 5. Bg5 {[%clk 1:28:52]}  h6 {[%clk 1:30:59]} 6. Bxf6 {[%clk 1:28:28]}  Qxf6 {[%clk 1:31:12]} 7. e3 {[%clk 1:28:23]}  O-O {[%clk 1:31:06]} 8. Rc1 {[%clk 1:28:04]}  dxc4 {[%clk 1:29:36]} 9. Bxc4 {[%clk 1:27:52]}  c5 {[%clk 1:29:51]} 10. O-O {[%clk 1:23:33]}  cxd4 {[%clk 1:29:35]} 11. Ne4 {[%clk 1:23:23]}  Qf5 {[%clk 1:28:03]} 12. Ng3 {[%clk 1:20:28]}  Qa5 {[%clk 1:28:13]} 13. Nxd4 {[%clk 1:19:17]}  Rd8 {[%clk 1:18:13]} 14. Qg4 {[%clk 1:09:15]}  Bd7 {[%clk 1:01:18]} 15. a3 {[%clk 1:02:05]}  Bf8 {[%clk 0:49:37]} 16. Ne4 {[%clk 0:48:51]}  Kh8 {[%clk 0:39:11]} 17. Qf3 {[%clk 0:46:39]}  Nc6 {[%clk 0:31:18]} 18. Nb3 {[%clk 0:43:12]}  Qb6 {[%clk 0:29:28]} 19. Qg3 {[%clk 0:40:50]}  Be8 {[%clk 0:27:34]} 20. Nc3 {[%clk 0:27:56]}  Bd6 {[%clk 0:23:55]} 21. Na4 {[%clk 0:22:34]}  Bxg3 {[%clk 0:19:05]} 22. Nxb6 {[%clk 0:22:59]}  Bxf2+ {[%clk 0:19:03]} 23. Kxf2 {[%clk 0:19:49]}  axb6 {[%clk 0:19:32]} 24. Be2 {[%clk 0:18:32]}  Kg8 {[%clk 0:12:41]} 25. Rc2 {[%clk 0:17:46]}  Kf8 {[%clk 0:07:50]} 26. Rfc1 {[%clk 0:16:08]}  Ne5 {[%clk 0:06:08]} 27. Nd4 {[%clk 0:16:25]}  Bc6 {[%clk 0:05:02]} 28. Rc3 {[%clk 0:16:51]}  Ke7 {[%clk 0:04:28]} 29. Rb3 {[%clk 0:16:45]}  Be4 {[%clk 0:02:44]} 30. Rxb6 {[%clk 0:16:26]}  Rac8 {[%clk 0:03:01]} 31. Rxc8 {[%clk 0:15:06]}  Rxc8 {[%clk 0:03:31]} 32. Bf3 {[%clk 0:15:19]}  Nd7 {[%clk 0:01:04]} 33. Rb5 {[%clk 0:12:59]}  Bxf3 {[%clk 0:01:28]} 34. gxf3 {[%clk 0:13:21]}  b6 {[%clk 0:01:50]} 35. a4 {[%clk 0:08:32]}  g6 {[%clk 0:01:19]} 36. f4 {[%clk 0:07:02]}  Rc1 {[%clk 0:00:52]} 37. h4 {[%clk 0:05:04]}  Rh1 {[%clk 0:00:45]} 38. Nf3 {[%clk 0:05:25]}  Kd6 {[%clk 0:00:55]} 39. Rb3 {[%clk 0:05:03]}  Ra1 {[%clk 0:01:00]} 40. Rb4 {[%clk 0:02:56]}  Ra2 {[%clk 0:00:40]} 41. Kg3 {[%clk 0:00:37]}  Ra1 {[%clk 0:27:51]} 42. Rd4+ {[%clk 0:29:33]}  Ke7 {[%clk 0:27:11]} 43. Rb4 {[%clk 0:29:19]}  Kd6 {[%clk 0:25:30]} 44. Nd4 {[%clk 0:21:23]}  Re1 {[%clk 0:21:05]} 45. Kf2 {[%clk 0:16:52]}  Rh1 {[%clk 0:20:20]} 46. Nf3 {[%clk 0:13:28]}  Ra1 {[%clk 0:17:13]} 47. Ke2 {[%clk 0:13:37]}  Ra2 {[%clk 0:15:16]} 48. Nd2 {[%clk 0:12:09]}  Ra1 {[%clk 0:11:40]} 49. Ne4+ {[%clk 0:11:13]}  Ke7 {[%clk 0:11:31]} 50. Nf2 {[%clk 0:11:13]}  Ra2 {[%clk 0:09:36]} 51. Nd3 {[%clk 0:10:50]}  Kd6 {[%clk 0:08:56]} 52. Kd2 {[%clk 0:09:27]}  Ra1 {[%clk 0:08:54]} 53. Nc1 {[%clk 0:08:44]}  Kc6 {[%clk 0:07:00]} 54. Rc4+ {[%clk 0:08:18]}  Kd6 {[%clk 0:07:24]} 55. Kc2 {[%clk 0:07:27]}  b5 {[%clk 0:01:46]} 56. axb5 {[%clk 0:06:49]}  Ra5 {[%clk 0:01:40]} 57. Rb4 {[%clk 0:07:04]}  Nb6 {[%clk 0:01:55]} 58. e4 {[%clk 0:06:48]}  Ra1 {[%clk 0:00:51]} 59. Rd4+ {[%clk 0:06:42]}  Ke7 {[%clk 0:01:06]} 60. b3 {[%clk 0:05:37]}  Ra5 {[%clk 0:01:20]} 61. Rb4 {[%clk 0:03:00]} 1/2-1/2

[Event "45th FIDE Chess Olympiad Open"]
[Site "Budapest, Hungary"]
[Date "2024.09.22"]
[Round "11"]
[White "Huh, Isaak"]
[Black "Zia, Tahsin Tajwar"]
[Result "0-1"]
[Board "160"]
[WhiteFideId "13209590"]
[BlackFideId "10211888"]
[BlackTitle "FM"]
[WhiteElo "2114"]
[BlackElo "2255"]
[WhiteTeam "South Korea"]
[BlackTeam "Bangladesh"]
[WhiteClock "0:01:39"]
[BlackClock "0:15:49"]
[Variant "Standard"]

1. e4 {[%clk 1:30:18]}  c6 {[%clk 1:30:48]} 2. d4 {[%clk 1:30:43]}  d5 {[%clk 1:31:16]} 3. exd5 {[%clk 1:31:09]}  cxd5 {[%clk 1:31:41]} 4. c4 {[%clk 1:31:37]}  Nf6 {[%clk 1:32:05]} 5. Nc3 {[%clk 1:32:06]}  Nc6 {[%clk 1:32:24]} 6. Bg5 {[%clk 1:32:33]}  Be6 {[%clk 1:31:04]} 7. Be2 {[%clk 1:32:52]}  Qa5 {[%clk 1:14:57]} 8. c5 {[%clk 1:32:22]}  Ne4 {[%clk 1:11:17]} 9. Bd2 {[%clk 1:32:22]}  Nxd2 {[%clk 1:11:36]} 10. Qxd2 {[%clk 1:32:50]}  g6 {[%clk 1:09:50]} 11. Bb5 {[%clk 1:30:43]}  Bg7 {[%clk 1:08:52]} 12. h3 {[%clk 1:30:29]}  O-O {[%clk 1:07:55]} 13. Nf3 {[%clk 1:29:04]}  Qc7 {[%clk 0:59:13]} 14. O-O {[%clk 1:26:41]}  f6 {[%clk 0:56:25]} 15. Rab1 {[%clk 1:09:49]}  Rad8 {[%clk 0:40:20]} 16. b4 {[%clk 1:07:56]}  Kh8 {[%clk 0:36:39]} 17. Bxc6 {[%clk 1:02:07]}  bxc6 {[%clk 0:30:43]} 18. b5 {[%clk 1:00:07]}  Bf5 {[%clk 0:29:47]} 19. b6 {[%clk 0:58:08]}  Qb7 {[%clk 0:28:46]} 20. Rb3 {[%clk 0:52:29]}  e5 {[%clk 0:28:45]} 21. Re1 {[%clk 0:41:18]}  Rde8 {[%clk 0:26:45]} 22. Qb2 {[%clk 0:31:09]}  Bc8 {[%clk 0:23:56]} 23. Na4 {[%clk 0:24:14]}  e4 {[%clk 0:22:31]} 24. Nd2 {[%clk 0:23:33]}  f5 {[%clk 0:22:45]} 25. Ra3 {[%clk 0:19:53]}  f4 {[%clk 0:20:59]} 26. Nb3 {[%clk 0:15:57]}  f3 {[%clk 0:20:32]} 27. Na5 {[%clk 0:13:48]}  Qe7 {[%clk 0:19:43]} 28. Qd2 {[%clk 0:09:53]}  Qh4 {[%clk 0:16:18]} 29. Nxc6 {[%clk 0:06:06]}  Bxh3 {[%clk 0:15:38]} 30. gxh3 {[%clk 0:01:39]}  Bh6 {[%clk 0:15:49]} 0-1

[Event "45th FIDE Chess Olympiad Open"]
[Site "Budapest, Hungary"]
[Date "2024.09.22"]
[Round "11"]
[White "Eltigani, Omar"]
[Black "Ashiku, Franc"]
[Result "0-1"]
[Board "161"]
[WhiteFideId "738794"]
[BlackFideId "4700066"]
[WhiteTitle "IM"]
[BlackTitle "IM"]
[WhiteElo "2241"]
[BlackElo "2400"]
[WhiteTeam "Sudan"]
[BlackTeam "Albania"]
[WhiteClock "0:08:19"]
[BlackClock "0:27:00"]
[Variant "Standard"]

1. c4 {[%clk 1:30:56]}  e6 {[%clk 1:29:53]} 2. Nc3 {[%clk 1:30:36]}  d5 {[%clk 1:29:54]} 3. d4 {[%clk 1:30:12]}  Nf6 {[%clk 1:30:13]} 4. Nf3 {[%clk 1:30:23]}  Nbd7 {[%clk 1:30:32]} 5. e3 {[%clk 1:26:53]}  a6 {[%clk 1:28:39]} 6. Qc2 {[%clk 1:13:14]}  dxc4 {[%clk 1:27:42]} 7. a4 {[%clk 1:12:30]}  b6 {[%clk 1:22:57]} 8. Bxc4 {[%clk 1:12:29]}  c5 {[%clk 1:19:27]} 9. d5 {[%clk 0:58:41]}  e5 {[%clk 0:59:03]} 10. d6 {[%clk 0:38:22]}  Bxd6 {[%clk 0:56:06]} 11. Ng5 {[%clk 0:38:02]}  O-O {[%clk 0:54:11]} 12. Nce4 {[%clk 0:38:00]}  Qe7 {[%clk 0:49:23]} 13. Nxf7 {[%clk 0:36:21]}  Rxf7 {[%clk 0:32:48]} 14. Ng5 {[%clk 0:36:47]}  Nf8 {[%clk 0:31:40]} 15. Nxf7 {[%clk 0:35:50]}  Be6 {[%clk 0:32:01]} 16. Ng5 {[%clk 0:34:59]}  Kh8 {[%clk 0:30:46]} 17. Nxe6 {[%clk 0:33:05]}  Nxe6 {[%clk 0:31:11]} 18. Qb3 {[%clk 0:31:10]}  Ng5 {[%clk 0:31:25]} 19. h4 {[%clk 0:25:47]}  Nge4 {[%clk 0:31:39]} 20. Bd5 {[%clk 0:24:25]}  Rf8 {[%clk 0:31:03]} 21. Bxe4 {[%clk 0:13:44]}  Nxe4 {[%clk 0:31:26]} 22. f3 {[%clk 0:09:42]}  c4 {[%clk 0:31:43]} 23. Qxc4 {[%clk 0:08:43]}  Bb4+ {[%clk 0:31:45]} 24. Kf1 {[%clk 0:09:07]}  Ng3+ {[%clk 0:29:46]} 25. Kg1 {[%clk 0:09:33]}  Nxh1 {[%clk 0:30:10]} 26. Kxh1 {[%clk 0:10:02]}  e4 {[%clk 0:30:10]} 27. f4 {[%clk 0:07:57]}  Qxh4+ {[%clk 0:28:30]} 28. Kg1 {[%clk 0:08:23]}  Rd8 {[%clk 0:27:24]} 29. Qe2 {[%clk 0:08:36]}  Be1 {[%clk 0:26:06]} 30. g4 {[%clk 0:08:14]}  Qg3+ {[%clk 0:26:06]} 31. Kf1 {[%clk 0:08:13]}  Bf2 {[%clk 0:26:10]} 32. Qxf2 {[%clk 0:07:52]}  Rd1+ {[%clk 0:26:35]} 33. Ke2 {[%clk 0:08:19]}  Qxg4+ {[%clk 0:27:00]} 0-1

[Event "45th FIDE Chess Olympiad Open"]
[Site "Budapest, Hungary"]
[Date "2024.09.22"]
[Round "11"]
[White "Pasko, Llambi"]
[Black "Ahmed Hassan"]
[Result "1-0"]
[Board "162"]
[WhiteFideId "4701178"]
[BlackFideId "12200590"]
[WhiteTitle "IM"]
[BlackTitle "FM"]
[WhiteElo "2396"]
[BlackElo "2234"]
[WhiteTeam "Albania"]
[BlackTeam "Sudan"]
[WhiteClock "0:40:09"]
[BlackClock "0:18:20"]
[Variant "Standard"]

1. d4 {[%clk 1:30:57]}  c5 {[%clk 1:30:43]} 2. d5 {[%clk 1:30:56]}  g6 {[%clk 1:30:57]} 3. e4 {[%clk 1:30:37]}  Bg7 {[%clk 1:31:18]} 4. c4 {[%clk 1:26:32]}  d6 {[%clk 1:31:42]} 5. Nf3 {[%clk 1:26:40]}  e6 {[%clk 1:32:00]} 6. Be2 {[%clk 1:26:05]}  exd5 {[%clk 1:32:07]} 7. cxd5 {[%clk 1:26:28]}  a6 {[%clk 1:31:48]} 8. a4 {[%clk 1:26:17]}  Bg4 {[%clk 1:31:32]} 9. O-O {[%clk 1:23:20]}  Bxf3 {[%clk 1:31:38]} 10. Bxf3 {[%clk 1:23:44]}  Nd7 {[%clk 1:31:53]} 11. Be2 {[%clk 1:23:41]}  Ne7 {[%clk 1:31:51]} 12. Nd2 {[%clk 1:19:41]}  O-O {[%clk 1:27:51]} 13. a5 {[%clk 1:18:26]}  f5 {[%clk 1:16:47]} 14. Ra3 {[%clk 1:10:41]}  Nf6 {[%clk 1:08:01]} 15. exf5 {[%clk 1:06:52]}  Nxf5 {[%clk 1:07:36]} 16. Nf3 {[%clk 1:06:58]}  h6 {[%clk 1:01:18]} 17. Bd3 {[%clk 1:06:13]}  Kh7 {[%clk 0:43:42]} 18. Re1 {[%clk 0:55:13]}  Qd7 {[%clk 0:38:49]} 19. h4 {[%clk 0:45:44]}  Nxd5 {[%clk 0:25:38]} 20. h5 {[%clk 0:44:36]}  Nb4 {[%clk 0:23:40]} 21. hxg6+ {[%clk 0:45:00]}  Kg8 {[%clk 0:21:11]} 22. Ne5 {[%clk 0:42:53]}  Qe6 {[%clk 0:07:10]} 23. Nc6 {[%clk 0:18:30]}  Qf6 {[%clk 0:06:41]} 24. Nxb4 {[%clk 0:15:07]}  cxb4 {[%clk 0:06:49]} 25. Bc4+ {[%clk 0:13:14]}  Kh8 {[%clk 0:06:50]} 26. Rf3 {[%clk 0:13:30]}  Qxg6 {[%clk 0:03:41]} 27. Bd3 {[%clk 0:13:53]}  Qh5 {[%clk 0:03:02]} 28. Bxf5 {[%clk 0:08:39]}  Rxf5 {[%clk 0:03:13]} 29. Rxf5 {[%clk 0:09:06]}  Qxf5 {[%clk 0:03:37]} 30. Qxd6 {[%clk 0:09:33]}  Rf8 {[%clk 0:03:43]} 31. Be3 {[%clk 0:09:27]}  b3 {[%clk 0:01:23]} 32. Bd4 {[%clk 0:09:37]}  Kh7 {[%clk 0:01:22]} 33. Re7 {[%clk 0:09:40]}  Rf7 {[%clk 0:01:32]} 34. Qc7 {[%clk 0:08:25]}  Kg8 {[%clk 0:01:39]} 35. Rxf7 {[%clk 0:07:34]}  Qxf7 {[%clk 0:02:05]} 36. Qxf7+ {[%clk 0:08:00]}  Kxf7 {[%clk 0:02:32]} 37. Bxg7 {[%clk 0:08:26]}  Kxg7 {[%clk 0:02:58]} 38. f4 {[%clk 0:08:08]}  Kg6 {[%clk 0:01:07]} 39. Kf2 {[%clk 0:08:28]}  h5 {[%clk 0:00:50]} 40. Kf3 {[%clk 0:08:43]}  Kf6 {[%clk 0:00:33]} 41. g4 {[%clk 0:07:58]}  hxg4+ {[%clk 0:00:53]} 42. Kxg4 {[%clk 0:08:23]}  Kg6 {[%clk 0:01:11]} 43. f5+ {[%clk 0:08:49]}  Kf6 {[%clk 0:01:23]} 44. Kf4 {[%clk 0:09:16]}  Kf7 {[%clk 0:17:24]} 45. Ke5 {[%clk 0:39:26]}  Ke7 {[%clk 0:17:53]} 46. f6+ {[%clk 0:39:44]}  Kf7 {[%clk 0:18:20]} 47. Kf5 {[%clk 0:40:09]} 1-0

[Event "45th FIDE Chess Olympiad Open"]
[Site "Budapest, Hungary"]
[Date "2024.09.22"]
[Round "11"]
[White "Nader Obeid"]
[Black "Mehmeti, Dritan"]
[Result "0-1"]
[Board "163"]
[WhiteFideId "12200085"]
[BlackFideId "4700600"]
[WhiteTitle "FM"]
[BlackTitle "IM"]
[WhiteElo "2083"]
[BlackElo "2364"]
[WhiteTeam "Sudan"]
[BlackTeam "Albania"]
[WhiteClock "0:26:17"]
[BlackClock "0:27:47"]
[Variant "Standard"]

1. d4 {[%clk 1:30:49]}  c5 {[%clk 1:30:37]} 2. d5 {[%clk 1:30:41]}  Nf6 {[%clk 1:27:28]} 3. Nc3 {[%clk 1:30:54]}  g6 {[%clk 1:27:48]} 4. e4 {[%clk 1:31:11]}  d6 {[%clk 1:28:03]} 5. Nf3 {[%clk 1:31:23]}  Bg7 {[%clk 1:28:25]} 6. Be2 {[%clk 1:31:44]}  O-O {[%clk 1:27:58]} 7. O-O {[%clk 1:31:58]}  a6 {[%clk 1:26:13]} 8. a4 {[%clk 1:30:57]}  Bg4 {[%clk 1:18:03]} 9. h3 {[%clk 1:29:18]}  Bxf3 {[%clk 1:18:16]} 10. Bxf3 {[%clk 1:29:45]}  Nbd7 {[%clk 1:18:06]} 11. Bf4 {[%clk 1:25:49]}  Ne8 {[%clk 1:15:07]} 12. Qd2 {[%clk 1:19:07]}  Nc7 {[%clk 1:15:13]} 13. Be2 {[%clk 1:16:59]}  b6 {[%clk 1:07:52]} 14. Bh6 {[%clk 1:11:01]}  Rb8 {[%clk 0:57:37]} 15. Bxg7 {[%clk 0:58:53]}  Kxg7 {[%clk 0:54:46]} 16. Nd1 {[%clk 0:55:53]}  b5 {[%clk 0:50:40]} 17. axb5 {[%clk 0:51:09]}  axb5 {[%clk 0:50:58]} 18. Ra3 {[%clk 0:49:43]}  Ra8 {[%clk 0:48:08]} 19. Re3 {[%clk 0:39:58]}  f6 {[%clk 0:39:40]} 20. h4 {[%clk 0:36:46]}  Ra1 {[%clk 0:34:42]} 21. h5 {[%clk 0:34:17]}  g5 {[%clk 0:32:13]} 22. h6+ {[%clk 0:32:39]}  Kh8 {[%clk 0:30:00]} 23. Rh3 {[%clk 0:27:24]}  Ne5 {[%clk 0:28:52]} 24. Ne3 {[%clk 0:23:52]}  Rxf1+ {[%clk 0:27:55]} 25. Bxf1 {[%clk 0:22:41]}  Qd7 {[%clk 0:27:27]} 26. Nf5 {[%clk 0:21:17]}  b4 {[%clk 0:26:36]} 27. c3 {[%clk 0:16:34]}  Rb8 {[%clk 0:21:16]} 28. f4 {[%clk 0:12:40]}  gxf4 {[%clk 0:20:22]} 29. Qxf4 {[%clk 0:12:32]}  bxc3 {[%clk 0:19:12]} 30. Rxc3 {[%clk 0:10:49]}  Rxb2 {[%clk 0:13:40]} 31. Ra3 {[%clk 0:07:43]}  Rb8 {[%clk 0:11:33]} 32. Ra7 {[%clk 0:02:33]}  c4 {[%clk 0:06:41]} 33. Qd2 {[%clk 0:01:47]}  Rc8 {[%clk 0:04:21]} 34. Nd4 {[%clk 0:00:59]}  Qg4 {[%clk 0:03:51]} 35. Qc2 {[%clk 0:00:51]}  Nxd5 {[%clk 0:03:36]} 36. Be2 {[%clk 0:00:51]}  Qh4 {[%clk 0:02:37]} 37. Nf5 {[%clk 0:01:01]}  Qe1+ {[%clk 0:02:50]} 38. Kh2 {[%clk 0:01:18]}  Nf4 {[%clk 0:02:24]} 39. Nxe7 {[%clk 0:01:06]}  Qh4+ {[%clk 0:02:29]} 40. Kg1 {[%clk 0:01:32]}  Qe1+ {[%clk 0:02:56]} 41. Kh2 {[%clk 0:01:44]}  Nxe2 {[%clk 0:29:34]} 42. Qxe2 {[%clk 0:25:59]}  Qxe2 {[%clk 0:29:45]} 43. Nxc8 {[%clk 0:26:17]}  Qh5+ {[%clk 0:27:34]} 44. Kg1 {[%clk 0:26:17]}  Qxh6 {[%clk 0:27:47]} 0-1

[Event "45th FIDE Chess Olympiad Open"]
[Site "Budapest, Hungary"]
[Date "2024.09.22"]
[Round "11"]
[White "Veleshnja, Zino"]
[Black "Eltag, Siddig"]
[Result "1/2-1/2"]
[Board "164"]
[WhiteFideId "4701313"]
[BlackFideId "12200204"]
[WhiteTitle "FM"]
[BlackTitle "CM"]
[WhiteElo "2294"]
[BlackElo "2138"]
[WhiteTeam "Albania"]
[BlackTeam "Sudan"]
[WhiteClock "0:14:46"]
[BlackClock "0:09:46"]
[Variant "Standard"]

1. d4 {[%clk 1:30:27]}  Nf6 {[%clk 1:30:48]} 2. c4 {[%clk 1:30:51]}  e6 {[%clk 1:31:08]} 3. g3 {[%clk 1:31:12]}  d5 {[%clk 1:31:24]} 4. Bg2 {[%clk 1:31:21]}  Be7 {[%clk 1:31:33]} 5. Nf3 {[%clk 1:31:44]}  Nbd7 {[%clk 1:31:35]} 6. O-O {[%clk 1:29:03]}  c6 {[%clk 1:30:03]} 7. Qc2 {[%clk 1:29:19]}  O-O {[%clk 1:30:08]} 8. Nbd2 {[%clk 1:29:23]}  b6 {[%clk 1:30:25]} 9. e4 {[%clk 1:29:40]}  dxe4 {[%clk 1:29:21]} 10. Nxe4 {[%clk 1:30:03]}  Bb7 {[%clk 1:14:33]} 11. Rd1 {[%clk 1:24:30]}  Rc8 {[%clk 1:11:56]} 12. Bf4 {[%clk 1:21:12]}  Nxe4 {[%clk 1:09:14]} 13. Qxe4 {[%clk 1:21:35]}  Nf6 {[%clk 1:09:01]} 14. Qe2 {[%clk 1:21:44]}  Bd6 {[%clk 1:09:03]} 15. Ne5 {[%clk 1:20:12]}  Qe7 {[%clk 0:59:08]} 16. Bg5 {[%clk 1:16:46]}  h6 {[%clk 0:56:47]} 17. Bxf6 {[%clk 1:16:45]}  gxf6 {[%clk 0:57:09]} 18. Ng4 {[%clk 1:16:19]}  f5 {[%clk 0:51:59]} 19. Ne5 {[%clk 1:08:47]}  c5 {[%clk 0:50:57]} 20. Bxb7 {[%clk 1:06:57]}  Qxb7 {[%clk 0:50:26]} 21. dxc5 {[%clk 0:55:58]}  Bxe5 {[%clk 0:48:57]} 22. Qxe5 {[%clk 0:56:22]}  Rxc5 {[%clk 0:49:16]} 23. Qf4 {[%clk 0:54:13]}  Kg7 {[%clk 0:44:13]} 24. b4 {[%clk 0:50:51]}  Rc7 {[%clk 0:43:33]} 25. Qe5+ {[%clk 0:48:30]}  Kg6 {[%clk 0:43:52]} 26. Rd4 {[%clk 0:47:23]}  Rfc8 {[%clk 0:42:28]} 27. Qe2 {[%clk 0:43:52]}  Rd7 {[%clk 0:42:05]} 28. Rh4 {[%clk 0:42:56]}  Rh8 {[%clk 0:40:19]} 29. Re1 {[%clk 0:40:22]}  Qc7 {[%clk 0:39:06]} 30. g4 {[%clk 0:30:58]}  Qf4 {[%clk 0:34:06]} 31. gxf5+ {[%clk 0:21:47]}  Qxf5 {[%clk 0:34:34]} 32. Qg4+ {[%clk 0:19:58]}  Qxg4+ {[%clk 0:33:51]} 33. Rxg4+ {[%clk 0:20:24]}  Kf5 {[%clk 0:33:42]} 34. h3 {[%clk 0:17:16]}  Rhd8 {[%clk 0:32:20]} 35. Ree4 {[%clk 0:13:25]}  e5 {[%clk 0:31:58]} 36. Re3 {[%clk 0:11:21]}  Rd4 {[%clk 0:30:46]} 37. Kg2 {[%clk 0:05:39]}  h5 {[%clk 0:30:46]} 38. Rf3+ {[%clk 0:05:57]}  Rf4 {[%clk 0:29:13]} 39. Rg7 {[%clk 0:06:05]}  Kf6 {[%clk 0:29:29]} 40. Rgg3 {[%clk 0:06:26]}  Rd2 {[%clk 0:25:56]} 41. Rxf4+ {[%clk 0:05:35]}  exf4 {[%clk 0:25:35]} 42. Ra3 {[%clk 0:05:50]}  Rd7 {[%clk 0:24:21]} 43. c5 {[%clk 0:04:24]}  bxc5 {[%clk 0:24:14]} 44. bxc5 {[%clk 0:04:45]}  Rc7 {[%clk 0:18:39]} 45. Rc3 {[%clk 0:04:59]}  Ke5 {[%clk 0:15:36]} 46. Kf3 {[%clk 0:02:26]}  Rc6 {[%clk 0:13:35]} 47. h4 {[%clk 0:02:25]}  a5 {[%clk 0:08:06]} 48. Rc4 {[%clk 0:29:52]}  f6 {[%clk 0:33:40]} 49. Re4+ {[%clk 0:26:17]}  Kd5 {[%clk 0:33:42]} 50. Rxf4 {[%clk 0:26:38]}  Kxc5 {[%clk 0:31:41]} 51. Rf5+ {[%clk 0:26:46]}  Kb4 {[%clk 0:31:46]} 52. Rxh5 {[%clk 0:26:32]}  a4 {[%clk 0:31:30]} 53. Rd5 {[%clk 0:25:34]}  Rc2 {[%clk 0:31:14]} 54. h5 {[%clk 0:24:34]}  Rxa2 {[%clk 0:26:39]} 55. h6 {[%clk 0:24:36]}  Rc2 {[%clk 0:26:46]} 56. Rd8 {[%clk 0:24:14]}  Rc7 {[%clk 0:25:01]} 57. Kg4 {[%clk 0:24:25]}  a3 {[%clk 0:25:06]} 58. Ra8 {[%clk 0:24:14]}  Kb3 {[%clk 0:23:45]} 59. f4 {[%clk 0:24:21]}  a2 {[%clk 0:23:28]} 60. Kf5 {[%clk 0:22:29]}  Rc1 {[%clk 0:12:27]} 61. Rb8+ {[%clk 0:16:03]}  Kc3 {[%clk 0:10:02]} 62. Rc8+ {[%clk 0:15:17]}  Kd2 {[%clk 0:10:00]} 63. Rxc1 {[%clk 0:15:24]}  Kxc1 {[%clk 0:10:11]} 64. h7 {[%clk 0:15:51]}  a1=Q {[%clk 0:10:09]} 65. h8=Q {[%clk 0:16:17]}  Qb1+ {[%clk 0:10:31]} 66. Kg4 {[%clk 0:16:34]}  Qg6+ {[%clk 0:10:41]} 67. Kf3 {[%clk 0:15:33]}  Qd3+ {[%clk 0:10:58]} 68. Kf2 {[%clk 0:15:02]}  Qd2+ {[%clk 0:09:46]} 69. Kf3 {[%clk 0:14:46]} 1/2-1/2